Roblox-Doors-The Floors-The Content Update - Statistiques

Statistiques générales
  • Ce quiz a été pris 36 fois
  • Le résultat moyen est 5 sur 11
Statistiques - réponses
Type de quiz Etage % Correct
Etage The Mines
90%
Etage The Hotel
86%
Sous-Etage The Backdoor
76%
Sous-Etage The Rooms
66%
Etage d' événement SUPER HARD MODE!!!
55%
Lobby Lobby
48%
Etage d' événement Retro Mode
21%
Sous-étage à venir The Garden
21%
Ancien Etage Old Mines
10%
Ancien Etage Pre-Hotel
10%
Étage à venir The Casthle
10%
Aucun quiz correspondant
Distribution des résultats
% des personnes avec chaque résultat
Percentile par nombre de réponses
Votre historique - résultats
Vous n’avez pas pris ce quiz